Random Pokédex Numbers - Within 100 - Statistics

General Stats
  • This quiz has been taken 180 times
  • The average score is 15 of 20
Answer Stats
Pokémon # % Correct
Ivysaur #002
100%
Charmeleon #005
100%
Wartortle #008
100%
Caterpie #010
100%
Butterfree #012
100%
Kakuna #014
100%
Pidgey #016
100%
Pidgeotto #017
100%
Pidgeot #018
100%
Rattata #019
100%
Spearow #021
100%
Fearow #022
100%
Ekans #023
100%
Raichu #026
100%
Sandslash #028
100%
Nidoran♀ #029
100%
Nidoran♂ #032
100%
Vulpix #037
100%
Ninetales #038
100%
Jigglypuff #039
100%
Zubat #041
100%
Oddish #043
100%
Gloom #044
100%
Venomoth #049
100%
Dugtrio #051
100%
Psyduck #054
100%
Golduck #055
100%
Primeape #057
100%
Arcanine #059
100%
Poliwrath #062
100%
Abra #063
100%
Kadabra #064
100%
Alakazam #065
100%
Machoke #067
100%
Bellsprout #069
100%
Tentacool #072
100%
Tentacruel #073
100%
Geodude #074
100%
Ponyta #077
100%
Rapidash #078
100%
Farfetch'd #083
100%
Dodrio #085
100%
Dewgong #087
100%
Grimer #088
100%
Shellder #090
100%
Haunter #093
100%
Gengar #094
100%
Krabby #098
100%
Voltorb #100
100%
Gholdengo #1000
100%
Wo-Chien #1001
100%
Chien-Pao #1002
100%
Chi-Yu #1004
100%
Roaring Moon #1005
100%
Koraidon #1007
100%
Walking Wake #1009
100%
Poltchageist #1012
100%
Okidogi #1014
100%
Munkidori #1015
100%
Hydrapple #1019
100%
Gouging Fire #1020
100%
Iron Crown #1023
100%
Pecharunt #1025
100%
Exeggutor #103
100%
Cubone #104
100%
Marowak #105
100%
Hitmonchan #107
100%
Koffing #109
100%
Chansey #113
100%
Tangela #114
100%
Kangaskhan #115
100%
Seaking #119
100%
Magmar #126
100%
Lapras #131
100%
Ditto #132
100%
Jolteon #135
100%
Flareon #136
100%
Omanyte #138
100%
Omastar #139
100%
Kabuto #140
100%
Aerodactyl #142
100%
Snorlax #143
100%
Articuno #144
100%
Dratini #147
100%
Dragonite #149
100%
Bayleef #153
100%
Meganium #154
100%
Quilava #156
100%
Totodile #158
100%
Feraligatr #160
100%
Sentret #161
100%
Hoothoot #163
100%
Noctowl #164
100%
Ledyba #165
100%
Ledian #166
100%
Chinchou #170
100%
Lanturn #171
100%
Natu #177
100%
Mareep #179
100%
Bellossom #182
100%
Politoed #186
100%
Skiploom #188
100%
Aipom #190
100%
Wooper #194
100%
Quagsire #195
100%
Girafarig #203
100%
Gligar #207
100%
Snubbull #209
100%
Granbull #210
100%
Scizor #212
100%
Heracross #214
100%
Sneasel #215
100%
Remoraid #223
100%
Delibird #225
100%
Houndour #228
100%
Houndoom #229
100%
Phanpy #231
100%
Smeargle #235
100%
Smoochum #238
100%
Elekid #239
100%
Miltank #241
100%
Entei #244
100%
Ho-oh #250
100%
Treecko #252
100%
Grovyle #253
100%
Sceptile #254
100%
Torchic #255
100%
Blaziken #257
100%
Marshtomp #259
100%
Swampert #260
100%
Beautifly #267
100%
Dustox #269
100%
Lotad #270
100%
Nuzleaf #274
100%
Shiftry #275
100%
Pelipper #279
100%
Ralts #280
100%
Gardevoir #282
100%
Masquerain #284
100%
Shroomish #285
100%
Breloom #286
100%
Slakoth #287
100%
Nincada #290
100%
Ninjask #291
100%
Whismur #293
100%
Makuhita #296
100%
Nosepass #299
100%
Skitty #300
100%
Aron #304
100%
Lairon #305
100%
Aggron #306
100%
Meditite #307
100%
Manectric #310
100%
Plusle #311
100%
Minun #312
100%
Illumise #314
100%
Roselia #315
100%
Swalot #317
100%
Wailmer #320
100%
Wailord #321
100%
Numel #322
100%
Camerupt #323
100%
Spoink #325
100%
Spinda #327
100%
Cacnea #331
100%
Cacturne #332
100%
Swablu #333
100%
Zangoose #335
100%
Lunatone #337
100%
Solrock #338
100%
Baltoy #343
100%
Claydol #344
100%
Cradily #346
100%
Anorith #347
100%
Feebas #349
100%
Milotic #350
100%
Kecleon #352
100%
Absol #359
100%
Wynaut #360
100%
Glalie #362
100%
Clamperl #366
100%
Gorebyss #368
100%
Salamence #373
100%
Regirock #377
100%
Kyogre #382
100%
Groudon #383
100%
Jirachi #385
100%
Turtwig #387
100%
Grotle #388
100%
Infernape #392
100%
Piplup #393
100%
Prinplup #394
100%
Empoleon #395
100%
Starly #396
100%
Kricketune #402
100%
Budew #406
100%
Roserade #407
100%
Wormadam #413
100%
Buizel #418
100%
Floatzel #419
100%
Drifloon #425
100%
Buneary #427
100%
Lopunny #428
100%
Stunky #434
100%
Bronzor #436
100%
Bronzong #437
100%
Happiny #440
100%
Chatot #441
100%
Spiritomb #442
100%
Munchlax #446
100%
Riolu #447
100%
Skorupi #451
100%
Croagunk #453
100%
Toxicroak #454
100%
Carnivine #455
100%
Mantyke #458
100%
Abomasnow #460
100%
Magnezone #462
100%
Rhyperior #464
100%
Mamoswine #473
100%
Gallade #475
100%
Uxie #480
100%
Dialga #483
100%
Heatran #485
100%
Giratina #487
100%
Cresselia #488
100%
Darkrai #491
100%
Victini #494
100%
Pignite #499
100%
Oshawott #501
100%
Samurott #503
100%
Patrat #504
100%
Lillipup #506
100%
Stoutland #508
100%
Purrloin #509
100%
Liepard #510
100%
Simisage #512
100%
Simisear #514
100%
Panpour #515
100%
Simipour #516
100%
Munna #517
100%
Pidove #519
100%
Zebstrika #523
100%
Roggenrola #524
100%
Boldore #525
100%
Woobat #527
100%
Swoobat #528
100%
Excadrill #530
100%
Audino #531
100%
Gurdurr #533
100%
Tympole #535
100%
Seismitoad #537
100%
Leavanny #542
100%
Scolipede #545
100%
Basculin #550
100%
Krokorok #552
100%
Darumaka #554
100%
Darmanitan #555
100%
Scraggy #559
100%
Cofagrigus #563
100%
Carracosta #565
100%
Archen #566
100%
Archeops #567
100%
Trubbish #568
100%
Garbodor #569
100%
Zoroark #571
100%
Minccino #572
100%
Gothita #574
100%
Reuniclus #579
100%
Swanna #581
100%
Vanilluxe #584
100%
Emolga #587
100%
Karrablast #588
100%
Escavalier #589
100%
Foongus #590
100%
Jellicent #593
100%
Alomomola #594
100%
Galvantula #596
100%
Ferroseed #597
100%
Klink #599
100%
Klang #600
100%
Klinklang #601
100%
Tynamo #602
100%
Eelektross #604
100%
Beheeyem #606
100%
Chandelure #609
100%
Axew #610
100%
Cubchoo #613
100%
Cryogonal #615
100%
Accelgor #617
100%
Stunfisk #618
100%
Druddigon #621
100%
Bisharp #625
100%
Rufflet #627
100%
Braviary #628
100%
Mandibuzz #630
100%
Heatmor #631
100%
Zweilous #634
100%
Larvesta #636
100%
Cobalion #638
100%
Reshiram #643
100%
Zekrom #644
100%
Landorus #645
100%
Kyurem #646
100%
Meloetta #648
100%
Quilladin #651
100%
Chesnaught #652
100%
Fennekin #653
100%
Braixen #654
100%
Fletchling #661
100%
Talonflame #663
100%
Scatterbug #664
100%
Skiddo #672
100%
Gogoat #673
100%
Pangoro #675
100%
Espurr #677
100%
Meowstic #678
100%
Aromatisse #683
100%
Swirlix #684
100%
Malamar #687
100%
Skrelp #690
100%
Dragalge #691
100%
Clawitzer #693
100%
Helioptile #694
100%
Tyrunt #696
100%
Amaura #698
100%
Sylveon #700
100%
Hawlucha #701
100%
Klefki #707
100%
Noibat #714
100%
Zygarde #718
100%
Volcanion #721
100%
Rowlet #722
100%
Torracat #726
100%
Incineroar #727
100%
Popplio #728
100%
Brionne #729
100%
Primarina #730
100%
Trumbeak #732
100%
Gumshoos #735
100%
Grubbin #736
100%
Crabominable #740
100%
Ribombee #743
100%
Rockruff #744
100%
Wishiwashi #746
100%
Mareanie #747
100%
Dewpider #751
100%
Morelull #755
100%
Shiinotic #756
100%
Bounsweet #761
100%
Tsareena #763
100%
Oranguru #765
100%
Passimian #766
100%
Sandygast #769
100%
Palossand #770
100%
Type: Null #772
100%
Silvally #773
100%
Minior #774
100%
Komala #775
100%
Turtonator #776
100%
Togedemaru #777
100%
Dhelmise #781
100%
Jangmo-o #782
100%
Hakamo-o #783
100%
Kommo-o #784
100%
Tapu Lele #786
100%
Tapu Bulu #787
100%
Tapu Fini #788
100%
Solgaleo #791
100%
Nihilego #793
100%
Pheromosa #795
100%
Xurkitree #796
100%
Celesteela #797
100%
Kartana #798
100%
Necrozma #800
100%
Magearna #801
100%
Poipole #803
100%
Naganadel #804
100%
Blacephalon #806
100%
Meltan #808
100%
Melmetal #809
100%
Thwackey #811
100%
Rillaboom #812
100%
Raboot #814
100%
Cinderace #815
100%
Drizzile #817
100%
Greedent #820
100%
Rookidee #821
100%
Corviknight #823
100%
Blipbug #824
100%
Dottler #825
100%
Orbeetle #826
100%
Thievul #828
100%
Gossifleur #829
100%
Wooloo #831
100%
Drednaw #834
100%
Yamper #835
100%
Rolycoly #837
100%
Carkol #838
100%
Coalossal #839
100%
Silicobra #843
100%
Cramorant #845
100%
Arrokuda #846
100%
Sizzlipede #850
100%
Centiskorch #851
100%
Clobbopus #852
100%
Grapploct #853
100%
Hatterene #858
100%
Impidimp #859
100%
Grimmsnarl #861
100%
Obstagoon #862
100%
Perrserker #863
100%
Mr. Rime #866
100%
Arctovish #883
100%
Dreepy #885
100%
Dragapult #887
100%
Kubfu #891
100%
Zarude #893
100%
Regieleki #894
100%
Regidrago #895
100%
Glastrier #896
100%
Kleavor #900
100%
Overqwil #904
100%
Sprigatito #906
100%
Meowscarada #908
100%
Fuecoco #909
100%
Skeledirge #911
100%
Quaxwell #913
100%
Quaquaval #914
100%
Lechonk #915
100%
Oinkologne #916
100%
Spidops #918
100%
Nymble #919
100%
Tandemaus #924
100%
Dachsbun #927
100%
Smoliv #928
100%
Dolliv #929
100%
Nacli #932
100%
Naclstack #933
100%
Tadbulb #938
100%
Wattrel #940
100%
Kilowattrel #941
100%
Shroodle #944
100%
Bramblin #946
100%
Brambleghast #947
100%
Toedscool #948
100%
Toedscruel #949
100%
Klawf #950
100%
Capsakid #951
100%
Rellor #953
100%
Rabsca #954
100%
Tinkatink #957
100%
Tinkaton #959
100%
Wugtrio #961
100%
Finizen #963
100%
Palafin #964
100%
Varoom #965
100%
Orthworm #968
100%
Greavard #971
100%
Houndstone #972
100%
Cetitan #975
100%
Tatsugiri #978
100%
Annihilape #979
100%
Great Tusk #984
100%
Flutter Mane #987
100%
Iron Jugulis #993
100%
Iron Moth #994
100%
Arctibax #997
100%
Onix #095
86%
Charizard #006
83%
Nidorino #033
83%
Sinistcha #1013
83%
Sudowoodo #185
83%
Poochyena #261
83%
Linoone #264
83%
Hippopotas #449
83%
Conkeldurr #534
83%
Terrakion #639
83%
Dracovish #882
83%
Grafaiai #945
83%
Flittle #955
83%
Bulbasaur #001
80%
Nidorina #030
80%
Clefairy #035
80%
Terapagos #1024
80%
Starmie #121
80%
Misdreavus #200
80%
Corsola #222
80%
Pupitar #247
80%
Sharpedo #319
80%
Chingling #433
80%
Togekiss #468
80%
Azelf #482
80%
Tepig #498
80%
Vanillite #582
80%
Golurk #623
80%
Tyrantrum #697
80%
Comfey #764
80%
Golisopod #768
80%
Hattrem #857
80%
Lokix #920
80%
Dondozo #977
80%
Arbok #024
75%
Golem #076
75%
Cloyster #091
75%
Kingler #099
75%
Ting-Lu #1003
75%
Miraidon #1008
75%
Electrode #101
75%
Jynx #124
75%
Gyarados #130
75%
Porygon #137
75%
Dragonair #148
75%
Azumarill #184
75%
Unown #201
75%
Steelix #208
75%
Octillery #224
75%
Blissey #242
75%
Tyranitar #248
75%
Swellow #277
75%
Wingull #278
75%
Armaldo #348
75%
Shuppet #353
75%
Bagon #371
75%
Registeel #379
75%
Deoxys #386
75%
Luxio #404
75%
Bastiodon #411
75%
Burmy #412
75%
Vespiquen #416
75%
Mismagius #429
75%
Honchkrow #430
75%
Magmortar #467
75%
Throh #538
75%
Swadloon #541
75%
Sawsbuck #586
75%
Bouffalant #626
75%
Diggersby #660
75%
Fletchinder #662
75%
Aegislash #681
75%
Clauncher #692
75%
Phantump #708
75%
Noivern #715
75%
Decidueye #724
75%
Pikipek #731
75%
Charjabug #737
75%
Vikavolt #738
75%
Mudbray #749
75%
Cosmog #789
75%
Applin #840
75%
Stonjourner #874
75%
Dracozolt #880
75%
Arctozolt #881
75%
Arboliva #930
75%
Armarouge #936
75%
Bellibolt #939
75%
Scream Tail #985
75%
Brute Bonnet #986
75%
Sandy Shocks #989
75%
Charmander #004
67%
Raticate #020
67%
Clefable #036
67%
Wigglytuff #040
67%
Diglett #050
67%
Persian #053
67%
Weepinbell #070
67%
Doduo #084
67%
Raging Bolt #1021
67%
Iron Boulder #1022
67%
Seadra #117
67%
Scyther #123
67%
Magikarp #129
67%
Eevee #133
67%
Zapdos #145
67%
Moltres #146
67%
Mewtwo #150
67%
Pichu #172
67%
Flaaffy #180
67%
Marill #183
67%
Sunkern #191
67%
Yanma #193
67%
Slugma #218
67%
Stantler #234
67%
Hitmontop #237
67%
Magby #240
67%
Combusken #256
67%
Lombre #271
67%
Slaking #289
67%
Exploud #295
67%
Delcatty #301
67%
Torkoal #324
67%
Duskull #355
67%
Sealeo #364
67%
Beldum #374
67%
Regice #378
67%
Staraptor #398
67%
Bidoof #399
67%
Gastrodon #423
67%
Gible #443
67%
Hippowdon #450
67%
Lickilicky #463
67%
Yanmega #469
67%
Gliscor #472
67%
Phione #489
67%
Manaphy #490
67%
Emboar #500
67%
Dewott #502
67%
Drilbur #529
67%
Timburr #532
67%
Venipede #543
67%
Petilil #548
67%
Maractus #556
67%
Gothorita #575
67%
Solosis #577
67%
Amoonguss #591
67%
Elgyem #605
67%
Litwick #607
67%
Tornadus #641
67%
Froakie #656
67%
Frogadier #657
67%
Vivillon #666
67%
Florges #671
67%
Furfrou #676
67%
Spritzee #682
67%
Inkay #686
67%
Goodra #706
67%
Avalugg #713
67%
Yungoos #734
67%
Oricorio #741
67%
Salazzle #758
67%
Wimpod #767
67%
Mimikyu #778
67%
Drampa #780
67%
Guzzlord #799
67%
Marshadow #802
67%
Scorbunny #813
67%
Barraskewda #847
67%
Sirfetch'd #865
67%
Snom #872
67%
Frosmoth #873
67%
Eternatus #890
67%
Calyrex #898
67%
Floragato #907
67%
Pawmot #923
67%
Fidough #926
67%
Ceruledge #937
67%
Scovillain #952
67%
Wiglett #960
67%
Flamigo #973
67%
Veluza #976
67%
Iron Treads #990
67%
Frigibax #996
67%
Gimmighoul #999
67%
Weedle #013
60%
Machamp #068
60%
Swinub #220
60%
Skarmory #227
60%
Cascoon #268
60%
Vibrava #329
60%
Crawdaunt #342
60%
Walrein #365
60%
Rayquaza #384
60%
Porygon-Z #474
60%
Musharna #518
60%
Spewpa #665
60%
Yveltal #717
60%
Inteleon #818
60%
Cufant #878
60%
Zamazenta #889
60%
Urshifu #892
60%
Maushold #925
60%
Cetoddle #974
60%
Furret #162
57%
Beedrill #015
50%
Pikachu #025
50%
Nidoqueen #031
50%
Paras #046
50%
Venonat #048
50%
Meowth #052
50%
Mankey #056
50%
Poliwag #060
50%
Poliwhirl #061
50%
Graveler #075
50%
Slowpoke #079
50%
Slowbro #080
50%
Muk #089
50%
Hypno #097
50%
Iron Valiant #1006
50%
Iron Leaves #1010
50%
Dipplin #1011
50%
Archaludon #1018
50%
Exeggcute #102
50%
Rhyhorn #111
50%
Staryu #120
50%
Mr. Mime #122
50%
Pinsir #127
50%
Tauros #128
50%
Kabutops #141
50%
Spinarak #167
50%
Cleffa #173
50%
Togepi #175
50%
Xatu #178
50%
Sunflora #192
50%
Murkrow #198
50%
Forretress #205
50%
Qwilfish #211
50%
Shuckle #213
50%
Mantine #226
50%
Suicune #245
50%
Larvitar #246
50%
Zigzagoon #263
50%
Ludicolo #272
50%
Taillow #276
50%
Surskit #283
50%
Shedinja #292
50%
Hariyama #297
50%
Sableye #302
50%
Mawile #303
50%
Volbeat #313
50%
Flygon #330
50%
Seviper #336
50%
Barboach #339
50%
Whiscash #340
50%
Corphish #341
50%
Lileep #345
50%
Dusclops #356
50%
Chimecho #358
50%
Snorunt #361
50%
Huntail #367
50%
Relicanth #369
50%
Chimchar #390
50%
Monferno #391
50%
Staravia #397
50%
Luxray #405
50%
Shieldon #410
50%
Mothim #414
50%
Pachirisu #417
50%
Cherrim #421
50%
Shellos #422
50%
Purugly #432
50%
Bonsly #438
50%
Gabite #444
50%
Lucario #448
50%
Drapion #452
50%
Snover #459
50%
Tangrowth #465
50%
Probopass #476
50%
Dusknoir #477
50%
Regigigas #486
50%
Arceus #493
50%
Watchog #505
50%
Herdier #507
50%
Tranquill #520
50%
Sawk #539
50%
Sewaddle #540
50%
Whirlipede #544
50%
Cottonee #546
50%
Crustle #558
50%
Scrafty #560
50%
Sigilyph #561
50%
Yamask #562
50%
Tirtouga #564
50%
Zorua #570
50%
Duosion #578
50%
Deerling #585
50%
Lampent #608
50%
Beartic #614
50%
Mienfoo #619
50%
Golett #622
50%
Deino #633
50%
Volcarona #637
50%
Keldeo #647
50%
Chespin #650
50%
Delphox #655
50%
Flabébé #669
50%
Doublade #680
50%
Slurpuff #685
50%
Binacle #688
50%
Aurorus #699
50%
Carbink #703
50%
Goomy #704
50%
Sliggoo #705
50%
Pumpkaboo #710
50%
Bergmite #712
50%
Xerneas #716
50%
Dartrix #723
50%
Litten #725
50%
Crabrawler #739
50%
Cutiefly #742
50%
Toxapex #748
50%
Fomantis #753
50%
Stufful #759
50%
Bruxish #779
50%
Lunala #792
50%
Zeraora #807
50%
Grookey #810
50%
Skwovet #819
50%
Nickit #827
50%
Chewtle #833
50%
Boltund #836
50%
Appletun #842
50%
Toxel #848
50%
Toxtricity #849
50%
Hatenna #856
50%
Morgrem #860
50%
Cursola #864
50%
Runerigus #867
50%
Pincurchin #871
50%
Eiscue #875
50%
Indeedee #876
50%
Morpeko #877
50%
Copperajah #879
50%
Duraludon #884
50%
Spectrier #897
50%
Quaxly #912
50%
Tarountula #917
50%
Cyclizar #967
50%
Glimmet #969
50%
Glimmora #970
50%
Kingambit #983
50%
Iron Hands #992
50%
Iron Thorns #995
50%
Baxcalibur #998
50%
Kingdra #230
43%
Rampardos #409
43%
Squirtle #007
40%
Metapod #011
40%
Drowzee #096
40%
Crobat #169
40%
Togetic #176
40%
Grumpig #326
40%
Skuntank #435
40%
Ducklett #580
40%
Magneton #082
33%
Ogerpon #1017
33%
Lickitung #108
33%
Teddiursa #216
33%
Ursaring #217
33%
Magcargo #219
33%
Mudkip #258
33%
Vigoroth #288
33%
Latios #381
33%
Cranidos #408
33%
Glameow #431
33%
Garchomp #445
33%
Leafeon #470
33%
Glaceon #471
33%
Rotom #479
33%
Mesprit #481
33%
Blitzle #522
33%
Whimsicott #547
33%
Shelmet #616
33%
Durant #632
33%
Thundurus #642
33%
Pancham #674
33%
Dedenne #702
33%
Mudsdale #750
33%
Tapu Koko #785
33%
Dubwool #832
33%
Alcremie #869
33%
Enamorus #905
33%
Squawkabilly #931
33%
Farigiraf #981
33%
Igglybuff #174
25%
Pansear #513
25%
Charcadet #935
25%
Electrike #309
20%
Venusaur #003
0%
Blastoise #009
0%
Sandshrew #027
0%
Nidoking #034
0%
Golbat #042
0%
Vileplume #045
0%
Parasect #047
0%
Growlithe #058
0%
Machop #066
0%
Victreebel #071
0%
Magnemite #081
0%
Seel #086
0%
Gastly #092
0%
Fezandipiti #1016
0%
Hitmonlee #106
0%
Weezing #110
0%
Rhydon #112
0%
Horsea #116
0%
Goldeen #118
0%
Electabuzz #125
0%
Vaporeon #134
0%
Mew #151
0%
Chikorita #152
0%
Cyndaquil #155
0%
Typhlosion #157
0%
Croconaw #159
0%
Ariados #168
0%
Ampharos #181
0%
Hoppip #187
0%
Jumpluff #189
0%
Espeon #196
0%
Umbreon #197
0%
Slowking #199
0%
Wobbuffet #202
0%
Pineco #204
0%
Dunsparce #206
0%
Piloswine #221
0%
Donphan #232
0%
Porygon2 #233
0%
Tyrogue #236
0%
Raikou #243
0%
Lugia #249
0%
Celebi #251
0%
Mightyena #262
0%
Wurmple #265
0%
Silcoon #266
0%
Seedot #273
0%
Kirlia #281
0%
Loudred #294
0%
Azurill #298
0%
Medicham #308
0%
Gulpin #316
0%
Carvanha #318
0%
Trapinch #328
0%
Altaria #334
0%
Castform #351
0%
Banette #354
0%
Tropius #357
0%
Spheal #363
0%
Luvdisc #370
0%
Shelgon #372
0%
Metang #375
0%
Metagross #376
0%
Latias #380
0%
Torterra #389
0%
Bibarel #400
0%
Kricketot #401
0%
Shinx #403
0%
Combee #415
0%
Cherubi #420
0%
Ambipom #424
0%
Drifblim #426
0%
Mime Jr. #439
0%
Finneon #456
0%
Lumineon #457
0%
Weavile #461
0%
Electivire #466
0%
Froslass #478
0%
Palkia #484
0%
Shaymin #492
0%
Snivy #495
0%
Servine #496
0%
Serperior #497
0%
Pansage #511
0%
Unfezant #521
0%
Gigalith #526
0%
Palpitoad #536
0%
Lilligant #549
0%
Sandile #551
0%
Krookodile #553
0%
Dwebble #557
0%
Cinccino #573
0%
Gothitelle #576
0%
Vanillish #583
0%
Frillish #592
0%
Joltik #595
0%
Ferrothorn #598
0%
Eelektrik #603
0%
Fraxure #611
0%
Haxorus #612
0%
Mienshao #620
0%
Pawniard #624
0%
Vullaby #629
0%
Hydreigon #635
0%
Virizion #640
0%
Genesect #649
0%
Greninja #658
0%
Bunnelby #659
0%
Litleo #667
0%
Pyroar #668
0%
Floette #670
0%
Honedge #679
0%
Barbaracle #689
0%
Heliolisk #695
0%
Trevenant #709
0%
Gourgeist #711
0%
Diancie #719
0%
Hoopa #720
0%
Toucannon #733
0%
Lycanroc #745
0%
Araquanid #752
0%
Lurantis #754
0%
Salandit #757
0%
Bewear #760
0%
Steenee #762
0%
Pyukumuku #771
0%
Cosmoem #790
0%
Buzzwole #794
0%
Stakataka #805
0%
Sobble #816
0%
Corvisquire #822
0%
Eldegoss #830
0%
Flapple #841
0%
Sandaconda #844
0%
Sinistea #854
0%
Polteageist #855
0%
Milcery #868
0%
Falinks #870
0%
Drakloak #886
0%
Zacian #888
0%
Wyrdeer #899
0%
Ursaluna #901
0%
Basculegion #902
0%
Sneasler #903
0%
Crocalor #910
0%
Pawmi #921
0%
Pawmo #922
0%
Garganacl #934
0%
Maschiff #942
0%
Mabosstiff #943
0%
Espathra #956
0%
Tinkatuff #958
0%
Bombirdier #962
0%
Revavroom #966
0%
Clodsire #980
0%
Dudunsparce #982
0%
Slither Wing #988
0%
Iron Bundle #991
0%
No matching quizzes found
Score Distribution
Percent of People with Each Score
Percentile by Number Answered
Your Score History
You have not taken this quiz